00683nam a2200181 a 450000100100000000500170001000800410002702000180006804000250008610000290011124500790014026000380021930000290025750000550028650400320034195201110037399900170048400004067620201002034310.0130905s2007 sp a 000 0 spa d a9788425219153 aDO-SdBNPbspacBNPHU1 aFontcuberta, Joan96704110aEstética fotográfica :buna selección de textos /cJoan Fontcuberta. aBarcelona :bGustavo Gili,c2007. a287 p. :bils. ;c21 cm. aIncluye índice de nombres e índice analítico aBibliografía : p. 286-287 001054708MOaGRbGRcCTd2013-09-05iLF1l0o p40676-10r2020-06-25w2020-06-25y4ZPréstamo en sala c40166d40166